00484 2200181 4500001002100000005001500021008004100036020002200077035001900099041000700118082001000125090001400135100002100149245005200170260003400222300003200256650001400288INLIS00000000000733820241224113445241224||||||||| | ||| |||| || |  a978-602-317-247-4 0010-1224007338 aid0 a639.5 a639.5 SUK0 atim agro mandiri00aSukses Budi Daya Udang Galah Yang Menguntungkan aSurakartabVisi Mandiric2016 a20,5x14 cm, 84 hlm.; ilus.: 0aBudi Daya